Sports Quiz

Random Sports or Football Quiz

Starting Playoff Quarterbacks Since 1995 Quiz Stats

 Plays Quiz not verified by Sporcle

Score 0/100 Timer 10:00
0 Plays Today
Games Started (Most recent year) Players % Correct
27 (2015)Peyton Manning
99.6%
12 (2016)Eli Manning
99.6%
37 (2017)Tom Brady
99.4%
20 (2009)Brett Favre
99%
15 (2014)Joe Flacco
98.8%
13 (2017)Drew Brees
98.7%
13 (2009)Kurt Warner
98.4%
17 (2016)Aaron Rodgers
98.4%
16 (2009)Donovan McNabb
98.3%
21 (2017)Ben Roethlisberger
98.2%
9 (2013)Philip Rivers
98%
12 (2016)Russell Wilson
97.9%
6 (2014)Tony Romo
97.7%
11 (2010)Matt Hasselbeck
96.7%
10 (2017)Matt Ryan
96.5%
7 (2017)Alex Smith
96.4%
7 (1998)Steve Young
96.2%
1 (2007)Vince Young
96.2%
8 (1998)John Elway
96%
7 (1999)Troy Aikman
96%
5 (1997)Drew Bledsoe
95.7%
5 (2010)Michael Vick
95.7%
10 (2006)Steve McNair
95.5%
6 (2013)Colin Kaepernick
95.5%
6 (2010)Mark Sanchez
95.2%
2 (2010)Jay Cutler
94.2%
6 (2014)Andrew Luck
94%
4 (2004)Daunte Culpepper
93.4%
7 (2002)Brad Johnson
93.2%
1 (1999)Rob Johnson
93.2%
6 (2008)Chad Pennington
93%
4 (2014) Andy Dalton
92.6%
8 (2008)Jake Delhomme
92.2%
7 (2002)Rich Gannon
92.2%
Games Started (Most recent year) Players % Correct
6 (1999)Dan Marino
92%
7 (2017)Cam Newton
92%
6 (2005)Jake Plummer
91.1%
7 (2008)Kerry Collins
90.3%
1 (2007)Todd Collins
90.2%
10 (2005)Mark Brunell
90%
2 (2012)Matt Schaub
90%
4 (2006)Rex Grossman
89.3%
6 (2007)Jeff Garcia
89.2%
2 (2011)Tim Tebow
88.1%
1 (2015)Kirk Cousins
87.5%
3 (2017)Blake Bortles
86.5%
4 (2015)Carson Palmer
86.3%
3 (2016) Matthew Stafford
86.1%
1 (2012)Robert Griffin
85.7%
1 (2016)Dak Prescott
85.2%
4 (1998)Randall Cunningham
84.8%
6 (2000)Trent Dilfer
84.6%
3 (2001)Vinny Testaverde
84.6%
4 (2001)Kordell Stewart
84.5%
2 (2007)David Garrard
84.5%
4 (2017)Nick Foles
84.3%
3 (2004)Marc Bulger
83.8%
3 (1996)Jim Kelly
83.5%
2 (2006)Trent Green
82.5%
1 (2017)Tyrod Taylor
82.4%
1 (2017)Jared Goff
81.1%
2 (2000)Aaron Brooks
79%
2 (2017)Marcus Mariota
78.4%
1 (2015)Teddy Bridgewater
78.1%
1 (2010)Matt Cassel
77.1%
1 (2005)Byron Leftwich
77.1%
4 (1996)Jim Harbaugh
75.9%
2 (2017)Case Keenum
75.7%
Games Started (Most recent year) Players % Correct
2 (2002) Tommy Maddox
75.4%
3 (1998)Chris Chandler
74.8%
3 (2001)Elvis Grbac
72.1%
3 (2001)Jay Fiedler
72%
1 (2016)Matt Moore
69.5%
3 (1995)Neil O'Donnell
69.3%
1 (2008) Tarvaris Jackson
68.6%
1 (2015)AJ McCarron
68%
1 (1998)Doug Flutie
67.1%
2 (2016)Brock Osweiler
65.6%
2 (2011)TJ Yates
65.2%
1 (2003)Quincy Carter
62.5%
1 (1999)Jon Kitna
60.4%
3 (1999)Jeff George
58.6%
1 (2015)Brian Hoyer
57.8%
3 (2000)Shaun King
56.5%
1 (2005)Chris Simms
55.7%
2 (1997)Scott Mitchell
53.5%
1 (1995) Stan Humphries
53.5%
1 (2016)Connor Cook
52.3%
1 (2012)Joe Webb
50.2%
1 (2001)Jim Miller
48.7%
1 (2014)Ryan Lindley
48.4%
2 (2000)Gus Frerotte
41.9%
1 (2002)Kelly Holcomb
39.7%
1 (1996)Ty Detmer
36.6%
2 (1995)Rodney Peete
31.3%
1 (1995)Steve Bono
27.4%
2 (1996)Mike Tomczak
25.4%
1 (2003)Anthony Wright
25.4%
1 (1997)Danny Kanell
19.5%
1 (1998)Scott Zolak
18.2%

You're not logged in!

Compare scores with friends on all Sporcle quizzes.
OR
Log In

Sporcle TV

Today on Sporcle TV


Watch our educational content, quiz creation guides, and fun videos on Sporcle TV.

Show Comments

Extras

Top Quizzes Today


Score Distribution

Your Account Isn't Verified!

In order to create a playlist on Sporcle, you need to verify the email address you used during registration. Go to your Sporcle Settings to finish the process.

Report this User

Report this user for behavior that violates our Community Guidelines.

Details: